000 00634nam a22001457a 4500
020 _a978-0-343-33316-6
082 _a823
_bMUR/M
100 _aMURTY, SUDHA
245 _aTHE MAGIC OF THE LOST TEMPLE
260 _aGURGAON
_bPUFFIN BOOKS
_c2015
300 _a203
520 _aThe Magic of the Lost Temple” is a story of Nooni, a young girl, who gets enchanted and fascinated by the story of an old stepwell told to her by her grandparents. This stepwell, which was apparently created by a “celestial architect” was used by “celestial maidens”, and now is lost to the village forever.
650 _aNOVEL
_zINDIA
942 _cBK
999 _c3561
_d3561